[Event "8th Dolomiti Open 2017"]
[Site "Forni di Sopra ITA"]
[Date "2017.06.10"]
[Round "1.2"]
[White "Gueci,Tea"]
[Black "Rotstein,A"]
[Result "0-1"]
[WhiteElo "2204"]
[BlackElo "2495"]

1.e4 c5 2.Nf3 e6 3.d4 cxd4 4.Nxd4 a6 5.Nc3 Qc7 6.g3 d6 7.Bg2 Bd7 8.O-O Nc6
9.Nxc6 Bxc6 10.a4 Be7 11.Be3 Nf6 12.f4 O-O 13.Qe2 b5 14.axb5 axb5 15.e5 dxe5
16.Rxa8 Rxa8 17.Nxb5 Bxb5 18.Qxb5 e4 19.c3 Nd5 20.Bd4 f5 21.Re1 Rb8 22.Qa6 Kf7
23.Bxe4 fxe4 24.Rxe4 Qc8 25.Qe2 Bc5 26.Qh5+ Kg8 27.Qe2 Bxd4+ 28.Rxd4 Nf6 29.g4
Qc6 30.g5 Nd7 31.Qd2 Nf8 32.b4 Ra8 33.Qb2 Qf3 34.Qc1 Ra2 {#R} 0-1

[Event "12th Teplice Open 2017"]
[Site "Teplice CZE"]
[Date "2017.06.12"]
[Round "3.3"]
[White "Kaczmarek,Ale"]
[Black "Dragun,K"]
[Result "0-1"]
[WhiteElo "2363"]
[BlackElo "2614"]

1.e4 c5 2.Nf3 e6 3.d4 cxd4 4.Nxd4 a6 5.Nc3 Qc7 6.Bd3 Nc6 7.Nxc6 dxc6 8.O-O Nf6
9.f4 e5 10.Kh1 Bc5 11.f5 h5 12.a4 Ng4 13.Qe1 b6 14.b4 Bxb4 15.Nd5 cxd5 16.Qxb4
Bb7 17.Ba3 dxe4 18.Bxe4 O-O-O 19.Bxb7+ Kxb7 20.Qe4+ Qc6 21.Qe2 Rhe8 22.c4 Rd4
23.c5 Red8 24.Qb2 Rd2 25.Qxb6+ Qxb6 26.cxb6 Ne3 27.Rfc1 Nc2 28.Be7 R8d7 29.Bg5
Nxa1 30.Bxd2 Nb3 {#R} 0-1

[Event "FSGM June 2017"]
[Site "Budapest HUN"]
[Date "2017.06.06"]
[Round "4.5"]
[White "Tan,Ju2"]
[Black "Ikeda,J"]
[Result "1-0"]
[WhiteElo "2448"]
[BlackElo "2398"]

1.e4 c5 2.Nf3 e6 3.d4 cxd4 4.Nxd4 a6 5.Nc3 Qc7 6.Bd3 Nf6 7.Qe2 d6 8.Bd2 Nbd7
9.f4 Nc5 10.O-O-O Be7 11.Kb1 Nxd3 12.cxd3 g6 13.Rc1 Qd8 14.g4 e5 15.g5 exd4
16.gxf6 Bxf6 17.Nd5 O-O 18.f5 Re8 19.Ba5 Qxa5 20.Nxf6+ Kf8 21.Nxe8 Kxe8 22.Qf2
Qe5 23.Rhf1 {#r} 1-0

[Event "FSGM June 2017"]
[Site "Budapest HUN"]
[Date "2017.06.11"]
[Round "9.3"]
[White "Sean,W"]
[Black "Ikeda,J"]
[Result "1-0"]
[WhiteElo "2406"]
[BlackElo "2398"]

1.e4 c5 2.Nf3 e6 3.d4 cxd4 4.Nxd4 a6 5.Nc3 b5 6.Bd3 Qb6 7.Nb3 Qc7 8.O-O Nf6
9.f4 b4 10.Nb1 Bb7 11.e5 Nd5 12.c4 bxc3 13.Nxc3 Nxc3 14.bxc3 Be7 15.Be3 Nc6
16.Rb1 d6 17.exd6 Bxd6 18.Nc5 Bxc5 19.Bxc5 Ne5 20.Ba3 Nxd3 21.Qxd3 f5 22.Rfe1
Kf7 23.Qd6 {#r} 1-0

[Event "CHN Team Women 2017"]
[Site "Beijing CHN"]
[Date "2017.06.10"]
[Round "5.1"]
[White "Wang Yu A"]
[Black "Liu,Hongyan"]
[Result "0-1"]
[WhiteElo "2354"]
[BlackElo "2029"]
[EventType "team"]

1.e4 c5 2.Nf3 e6 3.d4 cxd4 4.Nxd4 a6 5.Nc3 Qc7 6.Bd3 Bc5 7.Nb3 Be7 8.Qe2 d6
9.O-O Nf6 10.f4 Nbd7 11.Bd2 O-O 12.Rae1 Ne8 13.e5 dxe5 14.fxe5 g6 15.Bh6 Ng7
16.Rf3 Bh4 17.Ref1 Qxe5 18.Re3 Qc7 19.Rh3 Qd8 20.Ne4 f5 21.Nd6 Bf6 22.Bxg7
Kxg7 23.Qxe6 Ne5 24.Nxc8 Rxc8 25.Bxf5 Rc6 26.Nc5 Qd4+ 27.Kh1 Qxc5 28.Qb3 Qc4
29.Bd3 Qxb3 30.axb3 Nxd3 31.Rxd3 Rxc2 {#R} 0-1

[Event "8th Dolomiti Open 2017"]
[Site "Forni di Sopra ITA"]
[Date "2017.06.10"]
[Round "1.1"]
[White "Korneev,O"]
[Black "Bosbach,G"]
[Result "1-0"]
[WhiteElo "2569"]
[BlackElo "2205"]

1.e4 c5 2.Nf3 e6 3.d4 cxd4 4.Nxd4 Nc6 5.Nb5 d6 6.Bf4 e5 7.Be3 Nf6 8.Bg5 h6
9.Bxf6 gxf6 10.Bc4 a6 11.N5c3 Bg7 12.Qh5 O-O 13.Nd2 Nd4 14.O-O-O f5 15.Nf3 Be6
16.Bd3 fxe4 17.Bxe4 f5 18.Bd5 Qc8 19.Nxd4 exd4 20.Rxd4 Bxd5 21.Nxd5 Qc5 22.Rd2
Rae8 23.Qf3 b5 24.Rhd1 Re4 25.g3 a5 26.Nc3 Rc4 27.Qd5+ Kh7 28.Qxc5 dxc5 29.Rd7
b4 30.Na4 f4 31.b3 Rd4 32.R1xd4 cxd4 33.Nc5 fxg3 34.hxg3 Re8 35.Nd3 Ra8 36.Nf4
Kg8 {#r} 1-0

[Event "FSIM June 2017"]
[Site "Budapest HUN"]
[Date "2017.06.07"]
[Round "5.4"]
[White "Dewi,A"]
[Black "Frolov,Artu"]
[Result "0-1"]
[WhiteElo "2157"]
[BlackElo "2399"]

1.e4 c5 2.Nf3 Nc6 3.d4 cxd4 4.Nxd4 e6 5.Nb5 d6 6.c4 Nf6 7.N1c3 a6 8.Na3 Be7
9.Be2 O-O 10.O-O b6 11.Be3 Ne5 12.f3 Qc7 13.Rc1 Bb7 14.Qe1 Rac8 15.Qf2 Ned7
16.Rfd1 Rfe8 17.Kh1 Bd8 18.Nab1 Qb8 19.Nd2 Bc7 20.Nf1 Bc6 21.b4 b5 22.cxb5
axb5 23.Ba7 Qb7 24.a4 Nb6 25.axb5 Bd7 26.Bxb6 Bxb6 27.Qh4 Qb8 28.Qg3 e5 29.Qe1
Bd4 30.Qd2 Qa7 31.Bd3 Be6 32.Ne2 Bb6 33.Ra1 Qb8 34.Ne3 Bxe3 35.Qxe3 d5 36.Qa7
dxe4 37.Qxb8 Rxb8 38.fxe4 Red8 39.h3 Bb3 40.Nc3 Bxd1 41.Rxd1 Rd4 42.g4 Rbd8
43.Be2 Rxd1+ 44.Nxd1 Nxe4 45.Bf3 Rd4 46.Ne3 Nd6 47.b6 Rxb4 48.Nd5 Rb1+ 49.Kh2
e4 50.Bg2 Rb5 51.Nc3 Rxb6 52.Nxe4 Nxe4 53.Bxe4 Rb3 54.Kg2 Re3 55.Bf3 Kf8
56.Kf2 Ra3 57.h4 h6 58.h5 Ke7 59.Kg3 Kf6 60.Kf4 Rxf3+ 61.Kxf3 Kg5 62.Kg3 f5
63.gxf5 Kxf5 64.Kh4 Kf4 65.Kh3 Kg5 66.Kg3 Kxh5 67.Kh3 g5 68.Kg3 g4 69.Kg2 Kh4
70.Kh2 g3+ 71.Kg2 Kg4 72.Kg1 Kf3 73.Kf1 g2+ 74.Kg1 h5 {#R} 0-1

[Event "FSIM June 2017"]
[Site "Budapest HUN"]
[Date "2017.06.10"]
[Round "8.1"]
[White "Farago,S"]
[Black "Frolov,Artu"]
[Result "0-1"]
[WhiteElo "2273"]
[BlackElo "2399"]

1.e4 c5 2.Nf3 Nc6 3.d4 cxd4 4.Nxd4 e6 5.Nb5 d6 6.c4 a6 7.N5c3 Nf6 8.Be2 Be7
9.Be3 O-O 10.O-O Ne5 11.f4 Ned7 12.Bf3 Rb8 13.a4 b6 14.Nd2 Bb7 15.Qe2 Re8
16.Kh1 Rc8 17.Bf2 h6 18.Rad1 Qc7 19.Bg3 e5 20.f5 Qc5 21.Rb1 Qb4 22.Rfc1 Nc5
23.b3 Nh7 24.h4 g6 25.fxg6 fxg6 26.Bg4 Rc7 27.Be1 Bd8 28.Qe3 h5 29.Be2 Ne6
30.Nd5 Qc5 31.Qg3 Rg7 32.Bf2 Nd4 33.Bd1 Nf6 34.b4 Qc8 35.Bf3 Qd7 36.Ra1 Nxf3
37.gxf3 Nxd5 38.exd5 g5 39.Ne4 g4 40.Rg1 b5 41.axb5 axb5 42.Ra7 Rf8 43.fxg4
hxg4 44.Rga1 bxc4 45.Rxb7 Qxb7 46.Ra7 Qxd5 47.Rxg7+ Kxg7 48.Qxg4+ Kf7 49.Be3
Qe6 50.Qh5+ Kg7 51.Ng5 Bxg5 52.Qxg5+ Qg6 53.Qe7+ Rf7 54.Qg5 Qxg5 {#R} 0-1

[Event "12th American Continental"]
[Site "Medellin COL"]
[Date "2017.06.11"]
[Round "2.28"]
[White "Hungaski,R"]
[Black "Harper,R"]
[Result "1-0"]
[WhiteElo "2492"]
[BlackElo "2209"]

1.e4 c5 2.Nf3 e6 3.d4 cxd4 4.Nxd4 Nc6 5.Nc3 a6 6.Nxc6 bxc6 7.Bd3 e5 8.O-O Nf6
9.Na4 d5 10.Qe2 Bg4 11.Qe3 Bd6 12.f3 Be6 13.b3 O-O 14.Qe2 Nd7 15.exd5 cxd5
16.Bxa6 e4 17.Bb5 exf3 18.Qxf3 Ne5 19.Qe2 Qb8 20.h3 Ng6 21.Be3 d4 22.Bxd4 Nf4
23.Rxf4 Bxf4 24.Nc5 Bd5 25.Nd7 Bh2+ 26.Kh1 Qg3 27.Be5 Rfe8 28.Bxg3 Rxe2
29.Bxe2 Bxg3 30.Nb6 Re8 31.Bb5 Rb8 32.Nxd5 Rxb5 33.Rd1 h6 34.Rd3 Be5 35.g4 f6
36.b4 Kf7 37.c4 Rb8 38.a4 Ke6 39.a5 g6 40.Kg2 h5 41.a6 hxg4 42.hxg4 Rh8 43.Rh3
Ra8 44.Ra3 Kd6 45.Nb6 {#r} 1-0

[Event "9th Lublin GM 2017"]
[Site "Lublin POL"]
[Date "2017.06.09"]
[Round "8.4"]
[White "Janik,Igor"]
[Black "Romanishin,O"]
[Result "0-1"]
[WhiteElo "2422"]
[BlackElo "2448"]

1.e4 c5 2.Nf3 e6 3.d4 cxd4 4.Nxd4 Nc6 5.Nc3 a6 6.Be3 Nf6 7.Nxc6 bxc6 8.Bd3 d5
9.exd5 cxd5 10.O-O Bd6 11.Qf3 Rb8 12.Rfe1 O-O 13.Bd4 Rb4 14.Be5 Rxb2 15.Qg3
Bxe5 16.Rxe5 Qc7 17.Rae1 g6 18.Nd1 Rxa2 19.Qh4 Ne4 20.Qf4 Ra4 21.g3 Nc5 22.Qf3
Nxd3 23.cxd3 d4 24.h4 Ra5 25.Qf6 Rxe5 26.Rxe5 Qc2 27.Qf3 Bd7 28.Re1 Bc6 {#R}
0-1

[Event "18th ch-EUR Indiv 2017"]
[Site "Minsk BLR"]
[Date "2017.06.10"]
[Round "11.94"]
[White "Zawadzka,J"]
[Black "Pavlidis,Ant"]
[Result "0-1"]
[WhiteElo "2419"]
[BlackElo "2539"]

1.e4 c5 2.Nf3 Nc6 3.d4 cxd4 4.Nxd4 Qc7 5.Nc3 e6 6.f4 a6 7.Nxc6 bxc6 8.Bd3 d5
9.O-O Nf6 10.e5 Nd7 11.Na4 Nb6 12.Nxb6 Qxb6+ 13.Kh1 Be7 14.c4 O-O 15.Qe2 a5
16.cxd5 cxd5 17.Be3 d4 18.Bf2 Bb7 19.Rfd1 Rfd8 20.Rac1 g6 21.h3 Rab8 22.b3
Rbc8 23.Be4 Ba6 24.Bd3 Bb7 25.Be4 Rxc1 26.Rxc1 Ba3 27.Rd1 Bxe4 28.Qxe4 Bb2
29.Qe2 Bc3 30.Qg4 Qc6 31.Qe2 a4 32.Bh4 Rb8 33.Qc2 axb3 34.axb3 Qd5 35.Rb1 Ra8
36.Be7 Ra7 37.Bd6 Qa8 38.Qd3 Ra2 39.Rg1 Be1 40.f5 Bf2 41.fxg6 hxg6 42.Rf1 Be3
43.Rf3 Qa6 44.Qxa6 Rxa6 45.g4 f5 46.gxf5 gxf5 47.Rf1 Ra2 48.Rd1 f4 49.Bc5 d3
50.b4 Bd2 51.Kg1 Be3+ 52.Kh1 Bd2 53.Kg1 Kf7 54.Kf1 Rb2 55.Bf2 Kg6 56.b5 Kf5
57.Bd4 Rb4 58.Bf2 Rb2 59.Bd4 Rb4 60.Bf2 Bc3 61.Rxd3 Bxe5 62.b6 Ke4 63.Rd1 Bf6
64.Re1+ Kf5 65.Rc1 e5 66.Bc5 Rb5 67.Bf2 Rb3 68.Rc5 Be7 69.Rc7 Bd6 70.Rc6 Ba3
71.Be1 Rb1 72.Ke2 Rb2+ 73.Kd3 f3 74.Bh4 e4+ 75.Kd4 Rb4+ 76.Kd5 Rb5+ 77.Kc4 Rb1
78.Kd5 Rd1+ 79.Kc4 Rb1 80.Kd5 Bb2 81.Rc7 Bf6 82.Bf2 Rd1+ 83.Kc4 Be5 84.Rc5 Ke6
85.b7 Rb1 86.Rb5 Rc1+ 87.Kb3 Bb8 88.Bd4 Rd1 89.Kc4 Rc1+ 90.Kb3 Kd7 91.Rd5+ Kc6
92.Rd8 Bc7 93.Re8 Kd5 94.Kb2 Rc4 95.Rc8 Rb4+ 96.Kc3 Rxb7 97.Ra8 Rb5 98.Be3 Ra5
99.Rxa5+ Bxa5+ 100.Kc2 Ke5 101.h4 Be1 102.Kd1 Bxh4 103.Bb6 Kf5 104.Kd2 Bg5+
105.Ke1 e3 {#R} 0-1

[Event "12th American Continental"]
[Site "Medellin COL"]
[Date "2017.06.11"]
[Round "2.53"]
[White "Umetsubo,C"]
[Black "Chang,S"]
[Result "1-0"]
[WhiteElo "2381"]
[BlackElo "2127"]

1.e4 c5 2.Nf3 e6 3.d4 cxd4 4.Nxd4 Nc6 5.Nc3 Qc7 6.Be2 a6 7.O-O Nf6 8.Kh1 Be7
9.f4 d6 10.Be3 O-O 11.Bf3 Bd7 12.Nb3 b5 13.a3 Bc8 14.g4 Bb7 15.g5 Nd7 16.Bg2
f5 17.Qh5 g6 18.Qe2 Rf7 19.exf5 Rxf5 20.Bd2 Nf8 21.Ne4 Re8 22.Bc3 e5 23.fxe5
Nxe5 24.Nd4 Rxf1+ 25.Rxf1 Bxe4 26.Qxe4 Bxg5 27.Qd5+ Kg7 28.Qb7 Qxb7 29.Bxb7
Be3 30.Bxa6 Bxd4 31.Bxd4 Rb8 32.c4 bxc4 33.Bxc4 g5 34.Bd5 Nd7 35.b4 Nf6
36.Bxe5 dxe5 37.Bc6 Kg6 38.b5 Ng4 39.a4 Ne3 40.Rc1 {#r} 1-0

[Event "8th Dolomiti Open 2017"]
[Site "Forni di Sopra ITA"]
[Date "2017.06.10"]
[Round "1.10"]
[White "Valenti,G"]
[Black "Henderson de La Fuente,Lance"]
[Result "0-1"]
[WhiteElo "2128"]
[BlackElo "2365"]

1.e4 c5 2.Nf3 e6 3.d4 cxd4 4.Nxd4 Nc6 5.Nc3 Qc7 6.g3 a6 7.Bg2 Nf6 8.O-O Be7
9.Re1 d6 10.Nxc6 bxc6 11.e5 dxe5 12.Rxe5 O-O 13.Bf4 Qa7 14.Bxc6 Bb7 15.Bxb7
Qxb7 16.Rb1 Rfd8 17.Qe2 Bd6 18.Re3 Bxf4 19.gxf4 Rac8 20.Rd3 g6 21.Rbd1 Rxd3
22.cxd3 Nh5 23.Qd2 Rxc3 24.bxc3 Qf3 {#R} 0-1

[Event "10th Mayors Cup Open 2017"]
[Site "Mumbai IND"]
[Date "2017.06.11"]
[Round "10.12"]
[White "Ziatdinov,R"]
[Black "Murshed,N"]
[Result "0-1"]
[WhiteElo "2291"]
[BlackElo "2423"]

1.e4 c5 2.Nf3 Nc6 3.d4 cxd4 4.Nxd4 Qc7 5.Nc3 e6 6.Be2 a6 7.O-O Nf6 8.Kh1 Nxd4
9.Qxd4 Bc5 10.Qd3 b5 11.f4 Bb7 12.Bf3 O-O 13.e5 Ne8 14.f5 Bxf3 15.Qxf3 Rc8
16.Bf4 Bd4 17.Rad1 Bxe5 18.Bxe5 Qxe5 19.Rxd7 Nf6 20.Rb7 exf5 21.Qxf5 Qxf5
22.Rxf5 Rfe8 23.Kg1 Re6 24.h3 h6 25.Kf1 h5 26.Rf4 Rc5 27.Kf2 g5 28.Rf3 Kg7
29.Re3 Rf5+ 30.Ke2 Rxe3+ 31.Kxe3 Rf1 32.a4 bxa4 33.Nxa4 Nd5+ 34.Kd4 Nf4 35.c4
Nxg2 36.Nc3 Nf4 37.Ne4 Ne6+ 38.Kc3 Rf3+ 39.Kc2 Rxh3 40.c5 Re3 41.Nd6 Rf3 42.b4
h4 43.Ne8+ Kg6 44.c6 h3 45.c7 Nxc7 46.Rxc7 h2 47.Rc6+ f6 48.Rc7 h1=Q 49.Rg7+
Kf5 {#R} 0-1

[Event "CHN Team Women 2017"]
[Site "Beijing CHN"]
[Date "2017.06.08"]
[Round "3.1"]
[White "Wang Jue"]
[Black "Yuan,Ye"]
[Result "1-0"]
[WhiteElo "2367"]
[BlackElo "2292"]
[EventType "team"]

1.e4 c5 2.Nf3 e6 3.d4 cxd4 4.Nxd4 Nc6 5.Nc3 Qc7 6.f4 Nxd4 7.Qxd4 b6 8.Be3 Bb7
9.O-O-O Nf6 10.e5 Nd5 11.Nxd5 Bxd5 12.Kb1 Bc5 13.Qd2 O-O 14.Bd3 f5 15.Rhg1
Rac8 16.h3 Bxe3 17.Qxe3 Qc5 18.Qe2 Qb4 19.g4 Qxf4 20.gxf5 exf5 21.Ba6 Bf3
22.Rxd7 Rf7 23.Qd3 Qh2 24.Rc1 Rxd7 25.Qxd7 Rf8 26.e6 Bh5 27.e7 Re8 28.Bc4+ Kh8
29.Qxf5 {#r} 1-0

[Event "39th Nezhmetdinov Mem"]
[Site "Kazan RUS"]
[Date "2017.06.06"]
[Round "7.7"]
[White "Frolyanov,D"]
[Black "Khanin,S"]
[Result "1-0"]
[WhiteElo "2534"]
[BlackElo "2434"]

1.e4 c5 2.Nf3 e6 3.d4 cxd4 4.Nxd4 Nc6 5.Nc3 Qc7 6.Be3 a6 7.Qf3 Nf6 8.O-O-O Ne5
9.Qg3 b5 10.a3 Bb7 11.Bxb5 Bxa3 12.Bf4 Bd6 13.Nxe6 fxe6 14.Rxd6 Qxd6 15.Bxe5
Qe7 16.Bd6 Qf7 17.Bd3 Rc8 18.f3 Rc6 19.Ba3 Bc8 20.Ne2 d5 21.exd5 Nxd5 22.Nd4
Rc7 23.Bd6 Rd7 24.Re1 Nf4 25.Bxf4 Rxd4 26.Bd6 Ra4 27.Kb1 Rd4 28.Bc5 Rd5 29.Ba3
Qd7 30.Ka2 Rxd3 31.cxd3 Bb7 32.Qb8+ Bc8 33.Rc1 Kd8 34.Qb6+ Ke8 35.Rc7 Qd8
36.Qc5 Bd7 37.Rb7 {#r} 1-0

[Event "10th Mayors Cup Open 2017"]
[Site "Mumbai IND"]
[Date "2017.06.08"]
[Round "7.9"]
[White "Gajwa,A"]
[Black "Nguyen Duc Hoa"]
[Result "0-1"]
[WhiteElo "2309"]
[BlackElo "2481"]

1.e4 c5 2.Nf3 e6 3.d4 cxd4 4.Nxd4 Nc6 5.Nc3 Qc7 6.Be3 a6 7.Qf3 Ne5 8.Qg3 h5
9.Nf5 f6 10.Nxg7+ Kf7 11.Nxh5 Rxh5 12.f4 Nc4 13.Bxc4 Qxc4 14.O-O-O Ne7 15.Qf3
Rh7 16.g4 b5 17.g5 f5 18.h4 Rb8 19.h5 Ke8 20.g6 Rh6 21.Bd4 b4 22.b3 Qc6 23.g7
bxc3 24.Qg3 Rh7 25.gxf8=Q+ Kxf8 26.Rhg1 Rb5 27.a4 Ra5 28.Bf6 fxe4 29.Bxe7+
Kxe7 30.Qh4+ Kf7 31.Rg6 Rf5 32.Qd8 Qc5 33.Rxd7+ Bxd7 34.Qxd7+ Qe7 35.Qc8 Qa3+
36.Kd1 Qd6+ {#R} 0-1

[Event "9th Capo d'Orso Open 2017"]
[Site "Porto Mannu Palau ITA"]
[Date "2017.06.10"]
[Round "9.9"]
[White "De Rosa,M"]
[Black "Beshukov,S"]
[Result "1-0"]
[WhiteElo "2150"]
[BlackElo "2404"]

1.e4 c5 2.Nf3 e6 3.d4 cxd4 4.Nxd4 Nc6 5.Nc3 Qc7 6.Be3 a6 7.Qd2 Nf6 8.O-O-O Be7
9.f3 O-O 10.g4 b5 11.g5 Nh5 12.Nce2 Rd8 13.Ng3 Nxd4 14.Qxd4 Nf4 15.Kb1 Ng6
16.Nh5 e5 17.Qd5 Bb7 18.Qb3 d5 19.exd5 Qd7 20.c4 Qf5+ 21.Ka1 Nf4 22.Nxf4 exf4
23.Bb6 Rd6 24.Bc5 Rd7 25.Bd3 Qxg5 26.Rhg1 Qh6 27.Bxe7 Rxe7 28.c5 Rd8 29.Be4
Bc8 30.d6 Re5 31.Rd5 Be6 32.Rxe5 Bxb3 33.axb3 Qxh2 34.Rd1 g6 35.c6 Qe2 36.Red5
{#r} 1-0

[Event "CHN Team Women 2017"]
[Site "Beijing CHN"]
[Date "2017.06.12"]
[Round "7.2"]
[White "Zhang Xiaowen"]
[Black "Yuan,Ye"]
[Result "1-0"]
[WhiteElo "2355"]
[BlackElo "2292"]
[EventType "team"]

1.e4 c5 2.Nf3 e6 3.d4 cxd4 4.Nxd4 Nc6 5.Nc3 Qc7 6.Be2 a6 7.O-O Nf6 8.Be3 Bb4
9.Na4 Be7 10.Nxc6 bxc6 11.Nb6 Rb8 12.Nxc8 Qxc8 13.Bd4 c5 14.Be5 Rb6 15.Qd3 d6
16.Bc3 O-O 17.b3 d5 18.exd5 Nxd5 19.Be5 Rd8 20.Qg3 f6 21.Bb2 Bd6 22.Qf3 Qc7
23.g3 Be5 24.Bxe5 Qxe5 25.Bc4 Qc7 26.Rfe1 Qd7 27.Qe2 a5 28.Qd2 Qa7 29.f4 g6
30.Re4 Kf7 31.Rae1 Qa8 32.Qf2 Qc8 33.Qg2 Qd7 34.Qd2 a4 35.bxa4 Rd6 36.Qg2 h5
37.a5 Nc7 38.Qf2 f5 39.Re5 Rd4 40.Bxe6+ Nxe6 41.Rxe6 Qxe6 42.Rxe6 Kxe6 43.Qe3+
Kf7 44.a6 R4d6 45.a7 Rc6 46.Qb3+ Kf6 47.Qb2+ Ke6 48.Qg7 Rcc8 49.Qxg6+ Kd5
50.Qxf5+ Kc4 51.Qxh5 Kc3 52.Qh7 c4 53.Qe4 Re8 54.Qd5 Red8 55.Qb5 Ra8 56.Qa6
Rdc8 57.Qa4 Kd2 58.g4 c3 59.g5 Rc7 60.Qd4+ Kc1 61.Qe3+ {#r} 1-0

[Event "18th ch-EUR Indiv 2017"]
[Site "Minsk BLR"]
[Date "2017.06.10"]
[Round "11.39"]
[White "Bortnyk,Olexandr"]
[Black "Sjugirov,S"]
[Result "0-1"]
[WhiteElo "2567"]
[BlackElo "2654"]

1.e4 c5 2.Nf3 d6 3.Bc4 Nf6 4.d3 Nc6 5.c3 g6 6.Bb3 Bg7 7.h3 O-O 8.O-O e5 9.Re1
Re8 10.Be3 b6 11.Nbd2 Bb7 12.d4 exd4 13.cxd4 cxd4 14.Nxd4 Ne5 15.Bg5 h6 16.Bh4
d5 17.f4 Nd3 18.e5 Nxe1 19.Qxe1 Qb8 20.Ba4 Ne4 21.Nxe4 dxe4 22.Qg3 Qc8 23.Qe3
Qc4 24.Bxe8 Rxe8 25.Rc1 Qxa2 26.Rc7 Qd5 27.Ne2 Qd1+ 28.Kh2 Qd3 29.Qxd3 exd3
30.Nc3 Bc8 31.Bf2 Be6 32.Rxa7 d2 33.Be3 Rd8 34.Ra1 Bb3 35.Nd1 Bf8 36.Kg3 Rc8
37.Nf2 Rd8 38.Nd1 Rc8 39.Nf2 Bb4 40.Kf3 b5 41.Ke2 Rc2 42.Nd1 Kh7 43.g4 Bc4+
44.Kf3 Bd5+ 45.Ke2 Bc4+ 46.Kf3 Bb3 47.Ke2 h5 48.Rb1 Bc4+ 49.Kf3 Bd5+ 50.Ke2
Bc4+ 51.Kf3 hxg4+ 52.hxg4 Bd5+ 53.Ke2 Bc4+ 54.Kf3 Bd5+ 55.Ke2 Be6 56.Kf3 Bc5
57.f5 gxf5 58.gxf5 Bxf5 59.Nc3 Bxe3 60.Rh1+ Bh6 {#R} 0-1

[Event "18th ch-EUR Indiv 2017"]
[Site "Minsk BLR"]
[Date "2017.06.10"]
[Round "11.40"]
[White "Ivanisevic,I"]
[Black "Kryakvin,D"]
[Result "0-1"]
[WhiteElo "2638"]
[BlackElo "2560"]

1.e4 c5 2.Nf3 d6 3.c3 Nf6 4.g3 Nc6 5.d3 g6 6.Bg2 Bg7 7.O-O O-O 8.a3 Rb8 9.b4
b5 10.Re1 Bg4 11.h3 Bxf3 12.Bxf3 Nd7 13.Bg2 Qc7 14.Be3 a5 15.bxc5 Nxc5 16.Ra2
a4 17.e5 Nb3 18.exd6 Qxd6 19.Rae2 e5 20.f4 Rbc8 21.fxe5 Bxe5 22.Bh6 Bxg3
23.Rf1 Ne7 24.Bxf8 Rxf8 25.d4 Nd5 26.Kh1 Nf4 27.Re4 Nh5 28.Rg4 f5 29.Rg5 Kh8
30.Qd3 Bf4 31.Rxh5 gxh5 32.Qxb5 Nc1 33.Bf3 Qf6 34.Bg2 Qg5 35.Rf3 Rb8 36.Qa6
Rxb1 37.Qc8+ Qg8 38.Qxg8+ Kxg8 39.Rf1 Be3 40.Bc6 f4 41.Kg2 Kf8 42.Bxa4 Ra1
43.Bb5 Rxa3 44.d5 Ke7 45.c4 Kd6 46.Kf3 Nd3 47.Ke4 Nc5+ 48.Kf5 Ra8 49.Re1 Rf8+
50.Kg5 f3+ 51.Kxh5 f2 52.Rf1 Rg8 {#R} 0-1

[Event "10th Mayors Cup Open 2017"]
[Site "Mumbai IND"]
[Date "2017.06.07"]
[Round "5.22"]
[White "Lama,Himal"]
[Black "Nitin,S"]
[Result "0-1"]
[WhiteElo "2073"]
[BlackElo "2426"]

1.e4 c5 2.Nf3 d6 3.c4 e5 4.Nc3 g6 5.d3 Bg7 6.Be2 Ne7 7.Nd5 h6 8.h4 Bg4 9.Bd2
Nbc6 10.Qa4 O-O 11.Bxh6 Nxd5 12.cxd5 Bxh6 13.dxc6 bxc6 14.Nd2 Be6 15.h5 Kg7
16.Nc4 d5 17.Nxe5 Qf6 18.d4 dxe4 19.Qxc6 cxd4 20.Ng4 Bxg4 21.Qxf6+ Kxf6
22.Bxg4 Kg7 23.hxg6 f5 24.Bd1 Rac8 25.Rh3 d3 26.a4 Rf6 27.g3 Rxg6 28.Rh5 f4
29.g4 {#R} 0-1

[Event "FSIM June 2017"]
[Site "Budapest HUN"]
[Date "2017.06.09"]
[Round "7.1"]
[White "Klasan,V"]
[Black "Farago,S"]
[Result "0-1"]
[WhiteElo "2381"]
[BlackElo "2273"]

1.e4 c5 2.Nf3 d6 3.b3 Nc6 4.Bb5 Bg4 5.h3 Bh5 6.O-O e6 7.Bb2 Ne7 8.Re1 a6 9.Bf1
d5 10.exd5 Nxd5 11.d3 Be7 12.Nbd2 Bf6 13.Qc1 Qc7 14.g3 O-O-O 15.Bg2 h6 16.a3
Nc3 17.Kf1 Rhe8 18.Ne4 Nxe4 19.dxe4 e5 20.Bc3 Rd7 21.Qe3 Nd4 22.Bxd4 cxd4
23.Qd3 Rd6 24.g4 Bg6 25.a4 Rc6 26.Ra2 Rc3 27.Qd1 Rd8 28.Kg1 Qc6 29.Nd2 d3
30.cxd3 Rdxd3 31.Qe2 Rd4 32.Nc4 Kb8 33.Qb2 Rcd3 34.Qe2 Qc5 35.Rb2 Qb4 36.Ne3
Rxb3 37.Reb1 Rxb2 38.Rxb2 Qxa4 39.Nc2 Rd6 40.f4 Qa5 41.f5 Qc5+ 42.Kh1 Bh7
43.Ne3 Bg5 44.Nd5 f6 45.Rc2 Qd4 46.Bf1 Bg8 47.Ne7 Bb3 48.Rc8+ Ka7 49.Rc7 Bd1
50.Qg2 Qe3 51.Nc8+ Ka8 52.Nxd6 Bf3 53.Rc8+ Ka7 54.Rc2 Bxg2+ 55.Kxg2 Bf4 {#R}
0-1

[Event "18th ch-EUR Indiv 2017"]
[Site "Minsk BLR"]
[Date "2017.06.06"]
[Round "7.82"]
[White "Sadzikowski,D"]
[Black "Kanmazalp,O"]
[Result "1-0"]
[WhiteElo "2548"]
[BlackElo "2447"]

1.e4 c5 2.Nf3 d6 3.Bb5+ Nd7 4.O-O a6 5.Bd3 Ngf6 6.Re1 e6 7.a4 b6 8.c3 Bb7
9.Qe2 Qc7 10.Na3 Be7 11.Bc2 O-O 12.d4 Rfe8 13.Bg5 h6 14.Bh4 e5 15.d5 Nf8
16.Bxf6 Bxf6 17.Rab1 Reb8 18.b4 Bc8 19.Bd3 Ng6 20.g3 Ne7 21.Kg2 g6 22.Qe3 Bg7
23.bxc5 bxc5 24.Nc4 Bd7 25.Bc2 Nc8 26.Nfd2 h5 27.Rxb8 Rxb8 28.Kh1 Qd8 29.f4
Bh6 30.Rf1 h4 31.Qf3 exf4 32.gxf4 Qf6 33.e5 dxe5 34.Ne4 Qe7 35.fxe5 Bg7
36.Nf6+ Bxf6 37.exf6 Qf8 38.Ne5 Be8 39.Qf4 Rb2 40.Bxg6 fxg6 41.f7+ Bxf7
42.Nxf7 Qe7 43.Nh6+ Kg7 44.Nf5+ {#r} 1-0

[Event "18th ch-EUR Indiv 2017"]
[Site "Minsk BLR"]
[Date "2017.06.08"]
[Round "9.53"]
[White "Diermair,A"]
[Black "Ter Sahakyan,S"]
[Result "0-1"]
[WhiteElo "2472"]
[BlackElo "2598"]

1.e4 c5 2.Nf3 d6 3.Bb5+ Nd7 4.c3 Nf6 5.Qe2 a6 6.Ba4 b5 7.Bc2 Bb7 8.d4 cxd4
9.cxd4 Rc8 10.Nc3 b4 11.Nd1 Rxc2 12.Qxc2 Bxe4 13.Qe2 Qa8 14.Bd2 Qb7 15.a3 b3
16.Rc1 e6 17.Qc4 Bc2 18.Ne3 Nb6 19.Qe2 Be4 20.O-O Be7 21.Ba5 O-O 22.Rc3 Nbd5
23.Nxd5 Qxd5 24.Bb6 Qb7 25.Ba5 Qd5 26.Bc7 Qf5 27.Nd2 Ba8 28.Qd3 Qxd3 29.Rxd3
Nd5 30.Ba5 Nf4 31.Rxb3 Bxg2 32.Re1 Bd5 33.Rc3 f5 34.Kf1 Rf6 35.Rc8+ Kf7 36.Re3
Rh6 37.Nf3 g5 38.Bd8 Bxd8 39.Rxd8 g4 40.Ng1 Rxh2 41.Rc3 Bg2+ 42.Ke1 Rh1
43.Rc7+ Kf6 44.Rf8+ Kg5 45.Rg8+ Kh6 46.Rgg7 Rxg1+ 47.Kd2 Nd5 48.Rxh7+ Kg5
49.Rc1 Rxc1 50.Kxc1 Kf4 51.Kd2 Kf3 52.Ke1 Nf4 53.b4 Nd3+ 54.Kd2 Nxf2 55.a4 Bf1
56.b5 axb5 57.a5 b4 {#R} 0-1

[Event "18th ch-EUR Indiv 2017"]
[Site "Minsk BLR"]
[Date "2017.06.09"]
[Round "10.42"]
[White "Khismatullin,D"]
[Black "Sadzikowski,D"]
[Result "1-0"]
[WhiteElo "2651"]
[BlackElo "2548"]

1.Nf3 c5 2.e4 d6 3.Bb5+ Nd7 4.c3 Nf6 5.Qe2 a6 6.Ba4 e5 7.d4 b5 8.Bc2 Be7 9.O-O
O-O 10.Rd1 Qb6 11.a4 Bb7 12.d5 c4 13.Be3 Nc5 14.Nfd2 Nfd7 15.Na3 Rfb8 16.Ndxc4
bxc4 17.Nxc4 Qc7 18.b4 a5 19.bxc5 Nxc5 20.Na3 Ba6 21.c4 Bd8 22.Nb5 Bxb5
23.cxb5 Qa7 24.Ra3 Bb6 25.Rc3 Re8 26.Ra1 Qe7 27.Raa3 Qh4 28.Bd2 f5 29.exf5 e4
30.Rh3 Qf6 31.Qh5 h6 32.Bc3 Re5 33.Rg3 Ra7 34.Rg6 Qxf5 35.Qxf5 Rxf5 36.Rxd6
Nd7 37.Rxb6 Nxb6 38.Bxe4 Rf4 39.f3 Rd7 40.Ra2 Nxd5 41.Bxa5 Rf8 42.Rd2 Nb6
43.Rxd7 Nxd7 44.Bc7 Nc5 45.b6 {#r} 1-0

[Event "12th American Continental"]
[Site "Medellin COL"]
[Date "2017.06.10"]
[Round "1.30"]
[White "Castano Ortiz,Eder"]
[Black "Quintiliano Pinto,R"]
[Result "0-1"]
[WhiteElo "2029"]
[BlackElo "2483"]

1.e4 c5 2.Nf3 d6 3.Bb5+ Nd7 4.d4 cxd4 5.Qxd4 a6 6.Bxd7+ Bxd7 7.Nc3 Rc8 8.O-O
e5 9.Qd3 h6 10.a4 Nf6 11.Be3 Be6 12.Rfd1 Qa5 13.h3 Be7 14.Nd2 O-O 15.Nb3 Qc7
16.a5 Bc4 17.Qd2 Qc6 18.f3 Rfd8 19.Qf2 d5 20.exd5 Nxd5 21.Nxd5 Bxd5 22.Rac1
Qb5 23.Qg3 Bxb3 24.Rxd8+ Bxd8 25.Bxh6 Bf6 {#R} 0-1